000 00624nam a2200193 i 4500
001 110209
003 ES-MaACL
005 20250811145340.0
007 t|
008 061121s1927 sp r ||||1| spa d
100 1 _aMoles, Enrique (
_d1883-1953)
_981864
245 1 3 _aEl centenario de Marcellin Berthelot /
_cE. Moles.
260 _aMadrid :
_b[s. n.],
_c1927.
300 _a3 h. ;
_c21 cm.
595 _aTirada aparte de: Anales de la Sociedad Española de Física y Química, t. 25, p. 447-452.
600 1 7 _aBerthelot, Marcellin,
_d1827-1907
_2
_9125961
852 _aES-MaACL
_j1715-F-21
999 _c110209
_d110209